| 000 | 00628nam a22001817a 4500 | ||
|---|---|---|---|
| 999 |
_c175140 _d175140 |
||
| 005 | 20200811113207.0 | ||
| 010 | _aENG-128332 | ||
| 020 |
_c699.00 _a9789353946678 |
||
| 035 | _aEN-111864 | ||
| 037 | _bDBAD/PUB | ||
| 082 | _a624 | ||
| 100 | _aTrishna's | ||
| 245 |
_aGATE Graduate Aptitude Test in Engineering/ _cby Trishna's _bCivil Engineering 2021: |
||
| 260 |
_aNew Delhi _bPearson _c2021 |
||
| 270 |
_a15th floor,Tower-B,Word Trade Tower,Plot no.1,Block-C sec 16, _bNoida _e201301 _k04466540100 _mcompanysecretary.india@pearson.com |
||
| 300 |
_avarious pages. _c25cm(pbk) |
||
| 942 |
_2ddc _cEN _h624 _mTRI |
||